İçsel güçlerinizi kullanarak başarı avcısı olun (Record no. 4752)

000 -LEADER
fixed length control field 00887nmm a2200277 a 4500
001 - CONTROL NUMBER
control field ocm000598041
003 - CONTROL NUMBER IDENTIFIER
control field TR-IsHL
005 - DATE AND TIME OF LATEST TRANSACTION
control field 20201028131808.0
008 - FIXED-LENGTH DATA ELEMENTS--GENERAL INFORMATION
fixed length control field 131028s2008 tu tur
007 - PHYSICAL DESCRIPTION FIXED FIELD--GENERAL INFORMATION
fixed length control field cr cn
020 ## - INTERNATIONAL STANDARD BOOK NUMBER
International Standard Book Number 9789944257756
035 ## - SYSTEM CONTROL NUMBER
System control number 598041
-- (N$T)
050 04 - LIBRARY OF CONGRESS CALL NUMBER
Classification number BF637
Item number .E74 2008
090 04 - LOCALLY ASSIGNED LC-TYPE CALL NUMBER (OCLC); LOCAL CALL NUMBER (RLIN)
Classification number (OCLC) (R) ; Classification number, CALL (RLIN) (NR) BF637
Local cutter number (OCLC) ; Book number/undivided call number, CALL (RLIN) .E74 2008
100 1# - MAIN ENTRY--PERSONAL NAME
Personal name Eres, Niyazi Fırat
245 10 - TITLE STATEMENT
Title İçsel güçlerinizi kullanarak başarı avcısı olun
Medium [electronic resource] /
Statement of responsibility, etc. Niyazi Fırat Eres
250 ## - EDITION STATEMENT
Edition statement 1. bs.
260 ## - PUBLICATION, DISTRIBUTION, ETC.
Place of publication, distribution, etc. İstanbul :
Name of publisher, distributor, etc. Akis Kitap,
Date of publication, distribution, etc. 2008
300 ## - PHYSICAL DESCRIPTION
Extent 128 p.
650 #4 - SUBJECT ADDED ENTRY--TOPICAL TERM
Topical term or geographic name entry element Felsefe, Psikoloji ve Din
650 #4 - SUBJECT ADDED ENTRY--TOPICAL TERM
Topical term or geographic name entry element Philosophy, Psychology and Religion
650 #0 - SUBJECT ADDED ENTRY--TOPICAL TERM
Topical term or geographic name entry element Başarı
650 #0 - SUBJECT ADDED ENTRY--TOPICAL TERM
Topical term or geographic name entry element Success
650 #7 - SUBJECT ADDED ENTRY--TOPICAL TERM
Topical term or geographic name entry element SELF-HELP / Personal Growth / Success
Source of heading or term bisacsh
856 40 - ELECTRONIC LOCATION AND ACCESS
Uniform Resource Identifier <a href="http://search.ebscohost.com/login.aspx?direct=true&scope=site&db=e011xww&AN=598041">http://search.ebscohost.com/login.aspx?direct=true&scope=site&db=e011xww&AN=598041</a>
Holdings
Withdrawn status Lost status Source of classification or shelving scheme Damaged status Not for loan Collection code Permanent Location Current Location Date acquired Total Checkouts Full call number Barcode Date last seen Price effective from Koha item type
        Online   Kıbrıs Amerikan Üniversitesi Kütüphanesi / American University of Cyprus Kıbrıs Amerikan Üniversitesi Kütüphanesi / American University of Cyprus 28.10.2020   BF637 .E74 2008 598041 28.10.2020 28.10.2020 E-Kitap
Devinim Yazılım Eğitim Danışmanlık tarafından Koha'nın orjinal sürümü uyarlanarak geliştirilip kurulmuştur.